Biblioteca ESET

Pueblo (Registro nro. 1250)

Detalles MARC
000 -CABECERA
fixed length control field 01422nam a22002777a 4500
003 - CONTROL NUMBER IDENTIFIER
control field AR-BeUNQ
005 - FECHA Y HORA DE LA ULTIMA TRANSACCION
control field 20250416145849.0
008 - ELEMENTOS DE LONGITUD FIJA-INFORMACION GENERAL
fixed length control field 250416b2023 |||||||| |||| 00| 0 spa d
020 ## - NUMERO INTERNACIONAL NORMALIZADO PARA LIBROS
Número Internacional Normalizado del libro 9889874878564
040 ## - FUENTE DE CATALOGACION
Agencia de catalogación original AR-BeUNQ
Idioma de catalogación ESPAÑOL
Agencia que realiza la transcripción AR-BeUNQ
Convenciones de la descripción aacr
082 ## - NUMERO DE CLASIFICACION DECIMAL DEWEYMBER
Número de la edición 21
Número de clasificación A 860
100 10 - ASIENTO PRINCIPAL-NOMBRE PERSONAL
Nombre personal Magistratti, María Julia
Títulos u otras palabras asociadas al nombre aut.
Fecha asociada al nombre 1976-
245 10 - MENCION DE TITULO
Título Pueblo
Mención de responsabilidad, etc María Julia Magistratti
Medio físico libro
250 ## - MENCION DE EDICION
Mención de edición 1a ed.
260 ## - PUBLICACION, DISTRIBUCION, ETC.
Lugar de publicación, distribución, etc. Ciudad Autonoma de Buenos Aires:
Nombre del editor, distribuidor, etc. La Gran Nilson,
Fecha de publicación, distribución, etc 2023
300 ## - DESCRIPCION FISICA
Extensión 84 p.;
Dimensiones 20 cm.
490 ## - MENCION DE SERIE
Mención de serie Identidades Bonaerenses
500 ## - NOTA GENERAL
Nota general Se identifica con el paisaje de las localidades del interior donde la infancia es un punto de partida y es a la vez un punto de llegada.<br/>Así resuenan los versos del poema Infancia en dictadura. Como en la sentencia de Bachelard, la experiencia de la infancia demanda que sea narrada desde otro lugar lejos de la falta, en su resplandor, fuera de los límites de aquello que no se puede enunciar y lo representamos como un sentimiento que no encuentra traducción en la lengua", escribió el poeta Marcelo Díaz.
504 ## - NOTA DE BIBLIOGRAFIA, ETC.
Nota de bibliografía, etc. Contiene biografía.
505 ## - NOTA DE CONTENIDO
Nota de contenido con formato preestablecido Poemario.
Información miscelánea Imagen de tapa
Mención de responsabilidad Miguel, Sebastián
650 ## - ASIENTO SECUNDARIO DE MATERIA - TERMINO TEMATICO
Término temático o nombre geográfico como elemento de entrada Narrativa
Fuente del encabezamiento o términ tell
651 ## - ASIENTO SECUNDARIO DE MATERIA - NOMBRE GEOGRAFICO
Nombre geográfico Argentina
Fuente del encabezamiento o término unescot
700 02 - ASIENTO SECUNDARIO - NOMBRE DE PERSONA
Personal name Miguel Sebastián
Dates associated with a name 1975-
Fuller form of name ilust.
929 10 - DATOS DE ADQUISICION
Procedencia DONACION
Proveedor Ministerio de Educación de la Provincia de Buenos Aires
Orden de compra 0
Precio 0
Fecha de recibido 05/11/2024
Patrimonio UNQ PAT0082621
Número de inventario 62914
942 ## - ELEMENTOS DE PUNTO DE ACCESO ADICIONAL (KOHA)
Tipo de ítem Koha Libros
Existencias
Estado de retiro Estado de pérdida Ubicación permanente Ubicación actual Ubicación en estantería Fecha de ingreso Total Checkouts Signatura topográfica completa Inventario Date last seen Tipo de ítem Koha Operador
    Biblioteca ESET - UNQ Biblioteca ESET - UNQ CIRCULACION 16/04/2025   A 860 MAG 62914 16/04/2025 Libros PK

ESET UNQ

☏ 4365-7188
 Avenida República de Francia 1714 entre Doctor Kenny y Concordia, Ezpeleta, Bs As.
✉ secretaria_eset@unq.edu.ar

Con tecnología Koha